LEADER 01273nam a2200253 u 4500 001 000000074883 003 CaOOAMICUS 005 20070226123035.0 008 021218s1991 it u000 u ita u 035 $a10949279 040 $aPUL$bita 245 03$aLa sala della comunità verso il 2000 :$bpolivalenza, impegno culturale, specifictà pastorale, quali servizi per il futuro? : materiali di base : V corso residenziale, Milano 7-9 ootbre 1991. 260 $a[S. l. :$bs. n.],$c1991. 300 $a63 p. ;$c24 cm 490 1 $aQuaderni di nostro cinema ;$v27 500 $aIn testa al front.: A.C.E.C. 650 4$aCinema$xEducazione.$0(OLS)http://pul/subject/14816 830 0$aQuaderni di nostro cinema ;$v27.$0(OLS)http://pul/title/71617 850 $aPUL 852 $aPUL$W1$xSL Religione 2$y84$mRH D1 21$j96488$nBK-PRI$b $qStampati altre collocazioni$B96488$CPULBib$Z2$F96488 $H $81 941 1 $a10 961 $aINV: 85816 996 $6245$aLa sala della comunità verso il 2000 :$bpolivalenza, impegno culturale, specifictà pastorale, quali servizi per il futuro? : materiali di base : V corso residenziale, Milano 7-9 ootbre 1991$9(OLS)http://pul/title/98237 996 $6260$a[S. l. :$bs. n.]$9(OLS)http://pul/publisher/47882 LEADER 01264nam a2200253 u 4500 001 000000080825 003 CaOOAMICUS 005 20070226123705.0 008 050225s2004 it u000 u spa u 035 $a11030585 040 $aPUL$bita 100 1 $aGarcía Jarama, Juan Carlos.$0(OLS)http://pul/name/53919 245 10$aFinitud, carne e intersubjetividad :$bla estructura del sujeto humano en la fenomenología material de Michel Henry /$cJuan Carlos García Jarama. 260 $aRoma :$bPontificia Università Lateranense,$c2004. 300 $a99 p. ;$c24 cm 500 $a"Excerptum theseos ad Doctoratum in Philosophia". 502 $aDiss. (Doct.)-- Pontificia Università Lateranense, 2004. 504 $aBibliografia: p. 71-94. 600 14$aHenry, Michel,$d1922-2002.$0(OLS)http://pul/subject/28016 850 $aPUL 852 $aPUL$W1$xDP1 Tesi Pon Univ. Lateranense$y41$mTH PUL 1250$j103189$nBK-PRI$b $qTesi$B103189$CPULBib$Z2$F103189 $H $81 941 1 $a16 996 $6245$aFinitud, carne e intersubjetividad :$bla estructura del sujeto humano en la fenomenología material de Michel Henry$9(OLS)http://pul/title/105815 996 $6260$aRoma :$bPontificia Università Lateranense$9(OLS)http://pul/publisher/47963